000 00576nam a22002057a 4500
001 21582
005 20260318143312.0
008 260318b |||||||| |||| 00| 0 spa d
041 _aESP
082 _a340.1
_bZ58
100 _aZegarra Mulanovich, Alvaro
_eAUT
245 _aDescubrir el derecho :
_blas nociones elementales del derecho privado y del derecho público explicadas en forma sistemática
260 _a :
_b ,
_c2009
300 _a000 páginas :
_b ;
_c00 cm.
440 _a ;
650 _aDER
654 _aCDE
700 _a;
942 _cLIB
_dJUS
_fJUS
_2ddc
999 _c21582
_d21582